[Event "Ruhrgebiet VK1 0910"]
[Site "Ruhrgebiet"]
[Date "2009.11.08"]
[Round "3.2"]
[White "Hermanowski, Mark"]
[Black "Meyer, Ralph"]
[Result "0-1"]
[WhiteElo "2052"]
[BlackElo "2061"]
[PlyCount "110"]
[EventDate "2009.09.06"]
[EventType "team"]
[EventRounds "9"]
[EventCountry "GER"]
[SourceTitle "EXT 2011"]
[Source "ChessBase"]
[SourceDate "2010.11.26"]
[SourceVersion "1"]
[SourceVersionDate "2010.11.26"]
[SourceQuality "1"]
[WhiteTeam "Hervest Dorsten"]
[BlackTeam "Essen Ueberruhr II"]
[WhiteTeamCountry "GER"]
[BlackTeamCountry "GER"]

1. f4 b6 2. Nf3 e6 3. b3 f5 4. Bb2 Nf6 5. e3 Be7 6. Nc3 0-0 7. Ne2 Bb7 8. Ng3 Qe8 9. Bc4 d5 10. Be2 Ne4 11. d3 Bb4+ 12. Kf1 Bc3 13. Qc1 Bxb2 14. Qxb2 Nf6 15. h3 c5 16. Re1 Nc6 17. c4 dxc4 18. bxc4 Rd8 19. a3 Nd7 20. d4 Na5 21. Qc3 Qg6 22. Kf2 Nf6 23. Qc2 cxd4 24. exd4 Bxf3 25. Bxf3 Rxd4 26. Rxe6 Rxf4 27. Rxf6 Qxf6 28. Ne2 Qh4+ 29. g3 Rxf3+ 30. Kxf3 Qxc4 31. Rc1 Qd5+ 32. Kf2 Re8 33. Nf4 Qf7 34. h4 Nb3 35. Rd1 Nc5 36. Rd5 Ne4+ 37. Kg2 g6 38. Qc6 Nc5 39. Rd6 Kg7 40. Nd5 Re2+ 41. Kh3 Re6 42. Nc7 Rxd6 43. Qxd6 f4 44. Qe5+ Kg8 45. gxf4 Nd3 46. Qd6 Nxf4+ 47. Kg3 Nh5+ 48. Kg2 Qa2+ 49. Kf3 Qb3+ 50. Kf2 Qc2+ 51. Ke1 Qc1+ 52. Ke2 Qc4+ 53. Ke1 Qxh4+ 54. Kd1 Qa4+ 55. Kc1 Qf4+ 0-1

[Event "Ruhrgebiet VL2 0708"]
[Site "Germany"]
[Date "2008.04.27"]
[Round "9.2"]
[White "Jacubowski, Andreas"]
[Black "Hermanowski, Mark"]
[Result "0-1"]
[WhiteElo "2191"]
[BlackElo "2019"]
[PlyCount "78"]
[EventDate "2007.09.02"]
[EventType "team"]
[EventRounds "9"]
[EventCountry "GER"]
[SourceTitle "EXT 2009"]
[Source "ChessBase"]
[SourceDate "2008.11.26"]
[SourceVersion "1"]
[SourceVersionDate "2008.11.26"]
[SourceQuality "1"]
[WhiteTeam "Altenessen "]
[BlackTeam "Hervest Dorsten"]
[WhiteTeamCountry "GER"]
[BlackTeamCountry "GER"]

1. e4 e6 2. Qe2 b6 3. Nf3 Bb7 4. g3 c5 5. Bg2 Nc6 6. 0-0 Be7 7. Re1 h5 8. c3 h4 9. d4 hxg3 10. hxg3 cxd4 11. cxd4 Nb4 12. Ne5 Ba6 13. Qg4 Kf8 14. Na3 d6 15. Ng6+ fxg6 16. Qxe6 g5 17. e5 Bc8 18. Qb3 d5 19. Bd2 Nc6 20. Qf3+ Ke8 21. Nb5 Be6 22. Rac1 g4 23. Qf4 g5 24. Qe3 Qd7 25. Nd6+ Kf8 26. f4 gxf3 27. Bxf3 Nh6 28. Rf1 Kg8 29. Qd3 Kg7 30. Bh5 Nf5 31. Nxf5+ Bxf5 32. Rxf5 Rxh5 33. Qf3 Nxd4 34. Rf7+ Kg6 35. Rf6+ Bxf6 36. Qxf6+ Kh7 37. e6 Nxe6 38. Qf5+ Kg8 39. Re1 Nf8 0-1

[Event "Ruhrgebiet VL2 0708"]
[Site "Germany"]
[Date "2008.03.30"]
[Round "8.2"]
[White "Hermanowski, Mark"]
[Black "Fuellgrabe, Thomas"]
[Result "1/2-1/2"]
[WhiteElo "2052"]
[BlackElo "2184"]
[PlyCount "47"]
[EventDate "2007.09.02"]
[EventType "team"]
[EventRounds "9"]
[EventCountry "GER"]
[SourceTitle "EXT 2009"]
[Source "ChessBase"]
[SourceDate "2008.11.26"]
[SourceVersion "1"]
[SourceVersionDate "2008.11.26"]
[SourceQuality "1"]
[WhiteTeam "Hervest Dorsten"]
[BlackTeam "Welper SV"]
[WhiteTeamCountry "GER"]
[BlackTeamCountry "GER"]

1. f4 g6 2. Nf3 Bg7 3. e4 c5 4. Bc4 Nc6 5. 0-0 e6 6. d3 Nge7 7. Nc3 d5 8. Bb3 0-0 9. Qe1 b6 10. Qh4 f5 11. e5 Na5 12. Rd1 a6 13. Na4 Rb8 14. Be3 Nec6 15. Qh3 Qe7 16. c3 Bd7 17. Bc2 Nd8 18. Rab1 Bxa4 19. Bxa4 b5 20. Bc2 b4 21. Ng5 h6 22. Nf3 Nf7 23. Qg3 Kh7 24. h4 1/2-1/2

[Event "Ruhrgebiet VL2 0708"]
[Site "Germany"]
[Date "2007.11.18"]
[Round "3.3"]
[White "Hermanowski, Mark"]
[Black "Schreiber, Alfred"]
[Result "0-1"]
[WhiteElo "2019"]
[BlackElo "1802"]
[PlyCount "78"]
[EventDate "2007.09.02"]
[EventType "team"]
[EventRounds "9"]
[EventCountry "GER"]
[SourceTitle "EXT 2009"]
[Source "ChessBase"]
[SourceDate "2008.11.26"]
[SourceVersion "1"]
[SourceVersionDate "2008.11.26"]
[SourceQuality "1"]
[WhiteTeam "Hervest Dorsten"]
[BlackTeam "Werne SK"]
[WhiteTeamCountry "GER"]
[BlackTeamCountry "GER"]

1. f4 c5 2. b3 Nc6 3. Bb2 d6 4. Nc3 e6 5. e4 Nf6 6. d3 b6 7. Nce2 Bb7 8. Ng3 Qc7 9. Bxf6 gxf6 10. Nh5 Qe7 11. g4 0-0-0 12. Bg2 Rg8 13. h4 Bg7 14. Bh3 f5 15. g5 Bc3+ 16. Kf1 fxe4 17. Bg2 exd3 18. cxd3 Bxa1 19. Qxa1 Nd4 20. Be4 f5 21. Bxb7+ Qxb7 22. Rh3 h6 23. Nf6 Rg7 24. Qe1 hxg5 25. fxg5 e5 26. Qf2 f4 27. Ne2 Nf5 28. Nc3 Rh8 29. Qh2 Ng3+ 30. Rxg3 fxg3 31. Qh3+ Kb8 32. Nce4 g2+ 33. Kxg2 Rxg5+ 34. Kf2 Rg7 35. Qe6 Qe7 36. Qf5 Rxh4 37. Ke2 Rg2+ 38. Nf2 Rf4 39. Nd7+ Kc7 0-1

[Event "Ruhrgebiet VK2 0405"]
[Site "Ruhrgebiet"]
[Date "2005.01.30"]
[Round "6.6"]
[White "Hermanowski, Mark"]
[Black "Greger, Helmut"]
[Result "1-0"]
[WhiteElo "1887"]
[BlackElo "1924"]
[PlyCount "117"]
[EventDate "2004.09.12"]
[EventType "team"]
[EventRounds "9"]
[EventCountry "GER"]
[SourceTitle "EXT 2006"]
[Source "ChessBase"]
[SourceDate "2005.11.24"]
[SourceVersion "1"]
[SourceVersionDate "2005.11.24"]
[SourceQuality "1"]
[WhiteTeam "Horst II"]
[BlackTeam "Rochade Steele/Kray"]
[WhiteTeamCountry "GER"]
[BlackTeamCountry "GER"]

1. f4 g6 2. e4 Bg7 3. d4 c5 4. d5 d6 5. Nf3 Nf6 6. Bd3 0-0 7. 0-0 e6 8. c4 exd5 9. cxd5 Re8 10. Nc3 a6 11. a4 b6 12. Be3 Nbd7 13. Bf2 Bb7 14. Bh4 Qc7 15. Rc1 Nh5 16. Nd2 Bd4+ 17. Kh1 Bg7 18. Nc4 Bh6 19. Bg5 Bxg5 20. fxg5 Ne5 21. g4 Nxc4 22. Bxc4 Ng7 23. Qd2 Re5 24. Rf6 Rf8 25. Rcf1 Ne8 26. Qf4 Bc8 27. h4 Qd7 28. Be2 Nxf6 29. gxf6 Kh8 30. Nb1 Qxa4 31. Nd2 Qe8 32. Nf3 Rg8 33. Qh6 Qf8 34. Ng5 Rxg5 35. Qxg5 Qe8 36. Qf4 g5 37. hxg5 Qe5 38. Qxe5 dxe5 39. Kh2 Rxg5 40. Kg3 a5 41. Kh4 h6 42. Ra1 Rg8 43. Rd1 Bd7 44. d6 Kh7 45. Rd5 Re8 46. g5 hxg5+ 47. Kxg5 Rg8+ 48. Kh5 Rg6 49. Rxe5 Rh6+ 50. Kg5 Rg6+ 51. Kh4 Rxf6 52. Rh5+ Kg7 53. e5 Rh6 54. Kg5 Rxh5+ 55. Bxh5 c4 56. Bg4 a4 57. Bxd7 c3 58. Bxa4 cxb2 59. Bc2 1-0

[Event "Ruhrgebiet VK2 0405"]
[Site "Ruhrgebiet"]
[Date "2005.01.09"]
[Round "5.6"]
[White "Doehmen, Katrin"]
[Black "Hermanowski, Mark"]
[Result "0-1"]
[WhiteElo "1854"]
[BlackElo "1887"]
[PlyCount "64"]
[EventDate "2004.09.12"]
[EventType "team"]
[EventRounds "9"]
[EventCountry "GER"]
[SourceTitle "EXT 2006"]
[Source "ChessBase"]
[SourceDate "2005.11.24"]
[SourceVersion "1"]
[SourceVersionDate "2005.11.24"]
[SourceQuality "1"]
[WhiteTeam "Holsterhausen II"]
[BlackTeam "Horst II"]
[WhiteTeamCountry "GER"]
[BlackTeamCountry "GER"]

1. c4 e5 2. Nc3 d6 3. g3 f5 4. e3 Nf6 5. Bg2 Nc6 6. Nge2 Be7 7. 0-0 0-0 8. d3 Qe8 9. Rb1 Bd8 10. b4 Rb8 11. b5 Na5 12. Ba3 b6 13. Bb4 Bb7 14. Nd5 Nxd5 15. cxd5 Bc8 16. Bxa5 bxa5 17. Qa4 a6 18. Qxa5 axb5 19. Qb4 Rb6 20. Rfc1 Bd7 21. Rb3 g5 22. Ra3 Qh5 23. Nc3 Rb8 24. Ra7 Rf6 25. a4 Rh6 26. h3 f4 27. g4 Qh4 28. Nxb5 fxe3 29. fxe3 Qg3 30. Qe4 Rxh3 31. Nxd6 Rb2 32. Qf3 Qh2+ 0-1

[Event "Ruhrgebiet VK2 0405"]
[Site "Ruhrgebiet"]
[Date "2004.11.28"]
[Round "4.6"]
[White "Hermanowski, Mark"]
[Black "Zeldin, Leonid"]
[Result "1/2-1/2"]
[WhiteElo "1887"]
[BlackElo "1885"]
[PlyCount "134"]
[EventDate "2004.09.12"]
[EventType "team"]
[EventRounds "9"]
[EventCountry "GER"]
[SourceTitle "EXT 2006"]
[Source "ChessBase"]
[SourceDate "2005.11.24"]
[SourceVersion "1"]
[SourceVersionDate "2005.11.24"]
[SourceQuality "1"]
[WhiteTeam "Horst II"]
[BlackTeam "Brackel III"]
[WhiteTeamCountry "GER"]
[BlackTeamCountry "GER"]

1. f4 d5 2. Nf3 c5 3. b3 Nc6 4. Bb2 Nf6 5. e3 e6 6. Nc3 Be7 7. Ne2 0-0 8. Ng3 b6 9. Bd3 Bb7 10. 0-0 Qc7 11. Ng5 h6 12. Bxf6 Bxf6 13. Nh7 Bxa1 14. Qxa1 d4 15. Nxf8 Rxf8 16. Be4 Rd8 17. f5 exf5 18. Nxf5 Qe5 19. d3 Na5 20. exd4 cxd4 21. Bxb7 Nxb7 22. Qe1 Qxe1 23. Rxe1 Nc5 24. Re7 a5 25. Rc7 Ne6 26. Rb7 Kh7 27. g4 Kg6 28. Rxb6 Kg5 29. h3 Rc8 30. Nd6 Rc7 31. Nxf7+ Rxf7 32. Rxe6 Kh4 33. Kg2 Rc7 34. Re2 Rc6 35. a3 Rc7 36. a4 Rc5 37. Rf2 Rc6 38. Rf5 Rxc2+ 39. Kf3 g6 40. Rxa5 Kxh3 41. Ra6 Rd2 42. Ke4 g5 43. Rxh6+ Kxg4 44. Kxd4 Re2 45. a5 Kf5 46. a6 g4 47. Rh5+ Kf4 48. Ra5 g3 49. a7 g2 50. Ra1 Ra2 51. Rxa2 g1Q+ 52. Kc4 Qc1+ 53. Kb5 Qc3 54. a8Q Qxb3+ 55. Kc6 Qc3+ 56. Kb7 Qb4+ 57. Kc7 Qe7+ 58. Kc6 Qe6+ 59. Kc5 Qe7+ 60. Kd4 Qb4+ 61. Kd5 Qb5+ 62. Ke6 Qf5+ 63. Ke7 Qe5+ 64. Kd7 Qf5+ 65. Kc7 Qe5+ 66. Kb6 Qd4+ 67. Ka5 Qc3+ 1/2-1/2

[Event "Ruhrgebiet VK2 0405"]
[Site "Ruhrgebiet"]
[Date "2004.11.07"]
[Round "3.6"]
[White "Hustert, Volker"]
[Black "Hermanowski, Mark"]
[Result "1-0"]
[WhiteElo "1978"]
[BlackElo "1887"]
[PlyCount "73"]
[EventDate "2004.09.12"]
[EventType "team"]
[EventRounds "9"]
[EventCountry "GER"]
[SourceTitle "EXT 2006"]
[Source "ChessBase"]
[SourceDate "2005.11.24"]
[SourceVersion "1"]
[SourceVersionDate "2005.11.24"]
[SourceQuality "1"]
[WhiteTeam "Witten"]
[BlackTeam "Horst II"]
[WhiteTeamCountry "GER"]
[BlackTeamCountry "GER"]

1. e4 e6 2. d4 d5 3. exd5 exd5 4. Bd3 Bd6 5. Ne2 Bg4 6. 0-0 Nc6 7. c3 Qd7 8. Qc2 Nge7 9. Ng3 0-0-0 10. f3 Be6 11. f4 f5 12. Nd2 Rdf8 13. Nf3 g6 14. a4 h6 15. b4 Ng8 16. a5 Nf6 17. b5 Ne7 18. Ne5 Bxe5 19. dxe5 Ne4 20. Be3 Kb8 21. Ne2 g5 22. b6 a6 23. bxc7+ Qxc7 24. Rfb1 Ka8 25. Rb6 Bc8 26. Rab1 Nc5 27. Bxc5 Qxc5+ 28. Kh1 Nc6 29. Qb2 Ka7 30. Bxa6 Nxa5 31. Bxb7 Rh7 32. Ra6+ Kb8 33. Bxc8+ Kxc8 34. Qb8+ Kd7 35. Ra7+ Kc6 36. Nd4+ Qxd4 37. Qd6# 1-0

[Event "Ruhrgebiet playoff 0304"]
[Site "Ruhrgebiet"]
[Date "2004.05.23"]
[Round "2.5"]
[White "Chan, Allan"]
[Black "Hermanowski, Mark"]
[Result "1-0"]
[WhiteElo "1816"]
[BlackElo "1892"]
[PlyCount "79"]
[EventDate "2004.05.16"]
[EventType "team"]
[EventRounds "3"]
[EventCountry "GER"]
[SourceTitle "EXT 2006"]
[Source "ChessBase"]
[SourceDate "2005.11.24"]
[SourceVersion "1"]
[SourceVersionDate "2005.11.24"]
[SourceQuality "1"]
[WhiteTeam "Oberhausen II"]
[BlackTeam "Horst II"]
[WhiteTeamCountry "GER"]
[BlackTeamCountry "GER"]

1. b4 d5 2. Bb2 Bf5 3. e3 e6 4. Nf3 Nf6 5. a3 Bd6 6. c4 dxc4 7. Bxc4 0-0 8. Nc3 c6 9. h3 Nbd7 10. 0-0 Ne5 11. Bb3 Nxf3+ 12. Qxf3 Bc7 13. d4 Qd6 14. Rfd1 Qh2+ 15. Kf1 h5 16. e4 Bg6 17. e5 Nh7 18. Bc1 f6 19. Bf4 Ng5 20. Bxe6+ Kh7 21. Bxh2 Nxf3 22. gxf3 fxe5 23. Ne4 Kh6 24. h4 Rxf3 25. Ng5 Rff8 26. dxe5 Bb6 27. Bg3 Rae8 28. Bd7 Re7 29. e6 Rf5 30. Rd2 Be3 31. Rdd1 Bf4 32. Kg2 Rf6 33. Rd4 Bxg3 34. Kxg3 Bc2 35. Rf4 Bb3 36. Re1 Bd5 37. Re5 a6 38. Nf7+ Rexf7 39. exf7 Rg6+ 40. Rg5 1-0

[Event "Ruhrgebiet VK1 0304"]
[Site "Ruhrgebiet"]
[Date "2003.10.19"]
[Round "2.3"]
[White "Hermanowski, Mark"]
[Black "Langschmidt, Dirk"]
[Result "0-1"]
[WhiteElo "1879"]
[BlackElo "2032"]
[PlyCount "78"]
[EventDate "2003.09.28"]
[EventType "team"]
[EventRounds "9"]
[EventCountry "GER"]
[SourceTitle "EXT 2007"]
[Source "ChessBase"]
[SourceDate "2006.11.23"]
[SourceVersion "1"]
[SourceVersionDate "2006.11.23"]
[SourceQuality "1"]
[WhiteTeam "Horst II"]
[BlackTeam "Muelheim Heissen"]
[WhiteTeamCountry "GER"]
[BlackTeamCountry "GER"]

1. f4 c5 2. b3 Nc6 3. Bb2 d5 4. e3 Nf6 5. Nc3 g6 6. Nce2 Bg7 7. Ng3 0-0 8. Rb1 Qc7 9. Nf3 Rd8 10. Be2 d4 11. Qc1 dxe3 12. dxe3 Qa5+ 13. Nd2 Nd5 14. Bxg7 Kxg7 15. Kf2 Nxe3 16. Kxe3 Qc3+ 17. Bd3 Qd4+ 18. Ke2 Qxf4 19. Nf3 Qg4 20. Kf2 Nb4 21. Qe3 Be6 22. h3 Nxd3+ 23. cxd3 Qb4 24. Rbc1 b6 25. Rhe1 h6 26. h4 Rd5 27. Rc4 Qb5 28. h5 g5 29. d4 Rd7 30. Qe5+ Kg8 31. Nf5 Bxf5 32. Qxf5 e6 33. Qf6 cxd4 34. Ne5 Rb7 35. Qxh6 Qa5 36. Qxg5+ Kh7 37. Ng4 Qxg5 38. Rxd4 Rg8 39. Re5 Qxg4 0-1

[Event "Ruhrgebiet VK3 0001"]
[Site "Ruhrgebiet"]
[Date "2000.12.10"]
[Round "4"]
[White "Becker, Martin Alexander"]
[Black "Hermanowski, Mark"]
[Result "1-0"]
[WhiteElo "1952"]
[BlackElo "1870"]
[PlyCount "97"]
[EventDate "2000.09.17"]
[EventType "team-tourn"]
[EventRounds "9"]
[EventCountry "GER"]
[SourceTitle "EXT 2023"]
[Source "ChessBase"]
[SourceDate "2022.10.05"]
[SourceVersion "1"]
[SourceVersionDate "2022.10.05"]
[SourceQuality "1"]
[WhiteTeam "Bochum SG III"]
[BlackTeam "Horst Emscher"]
[WhiteTeamCountry "GER"]
[BlackTeamCountry "GER"]

1. e4 e6 2. d4 d5 3. Nc3 Bb4 4. e5 c5 5. a3 Bxc3+ 6. bxc3 Ne7 7. h4 Nbc6 8. Nf3 Qb6 9. h5 Bd7 10. h6 g6 11. Rh3 Nf5 12. g4 Nfe7 13. Bg5 Ng8 14. Be3 c4 15. Bg5 Nce7 16. Qc1 0-0-0 17. Bxe7 Nxe7 18. Ng5 Rdf8 19. Rf3 Be8 20. a4 Ng8 21. a5 Qc6 22. Qa3 Nxh6 23. Nxh7 Rfg8 24. Nf6 Rg7 25. Rh3 g5 26. Rh5 Rg6 27. Qc1 Qb5 28. f4 Rhg8 29. fxg5 Rxf6 30. exf6 Nxg4 31. Be2 Nxf6 32. gxf6 Rg3 33. Qb1 Qd7 34. Qb4 Qd8 35. Qe7 Qxe7 36. fxe7 Rxc3 37. Kd2 Rg3 38. Rh8 Kd7 39. Rb1 b6 40. axb6 axb6 41. Rxb6 Kxe7 42. Rb7+ Bd7 43. Ra8 e5 44. dxe5 Ke6 45. Ra6+ Kxe5 46. Rxd7 c3+ 47. Ke1 Ke4 48. Ra5 Ke3 49. Raxd5 1-0